Convivir en la diversidad: temas sobre convivencia y violencia
Saved in:
| Hovedforfatter: | |
|---|---|
| Andre forfattere: | |
| Format: | Bog |
| Sprog: | spansk |
| Udgivet: |
Buenos Aires
Bonum
2000
|
| Serier: | Colección Educación y Creatividad
|
| Fag: | |
| Tags: |
Tilføj Tag
Ingen Tags, Vær først til at tagge denne postø!
|
MARC
| LEADER | 00000nam a2200000 a 4500 | ||
|---|---|---|---|
| 001 | UCL7932 | ||
| 003 | CL-VaPUC | ||
| 008 | 040604e20000000AG |||||||||||||||||spa|d | ||
| 020 | |a 9505076185 | ||
| 082 | 0 | 4 | |a 302.17 |b BRI |2 21 |
| 100 | 0 | |a Brites de Vila, Gladys |e author |9 485891 | |
| 700 | |a Müller, Marina |e autora |9 580206 | ||
| 245 | 1 | 0 | |a Convivir en la diversidad: temas sobre convivencia y violencia |
| 300 | |a 126 p | ||
| 942 | |c BK | ||
| 945 | |d 20040604 00:00:00 |a cmena | ||
| 260 | |a Buenos Aires |b Bonum |c 2000 | ||
| 650 | 0 | |a Psicología social |9 222894 | |
| 650 | 0 | |a Interacción social |9 307764 | |
| 650 | 0 | |a Diversidad cultural |9 473079 | |
| 650 | 0 | |a Democracia |9 255256 | |
| 650 | 0 | |a Violencia social |9 399777 | |
| 650 | 0 | |a Relaciones interpersonales |9 307056 | |
| 583 | |a last modification |c 20040604 00:00:00 |k Rodrigo Vera | ||
| 490 | 0 | |a Colección Educación y Creatividad | |
| 999 | |c 309481 |d 309479 | ||
| 952 | |0 0 |1 0 |4 0 |6 302_170000000000000_BRI_2000 |7 0 |8 A |9 376938 |a BIBEDU |b BIBEDU |d 2019-11-21 |i 4021738 |l 1 |o 302.17 BRI 2000 |p 4021738 |r 2021-07-01 |s 2021-05-04 |w 2019-11-21 |y BK |k PAR | ||